La educación moral / (Record no. 47882)

MARC details
000 -LEADER
campo de control de longitud fija 00935nam a2200289 i 4500
001 - NÚMERO DE CONTROL
campo de control 47882
003 - IDENTIFICADOR DE NÚMERO DE CONTROL
campo de control ES-MaACL
005 - FECHA Y HORA DE LA ÚLTIMA TRANSACCIÓN
campo de control 20250830063047.0
007 - CAMPO FIJO DE DESCRIPCIÓN FÍSICA--INFORMACIÓN GENERAL
campo de control de longitud fija t|
008 - DATOS DE LONGITUD FIJA--INFORMACIÓN GENERAL
campo de control de longitud fija 030625s2002 sp ||||0| spa j
020 ## - NÚMERO INTERNACIONAL ESTÁNDAR DEL LIBRO
Número Internacional Estándar del Libro 84-8164-483-8
040 ## - FUENTE DE CATALOGACIÓN
Centro catalogador/agencia de origen M-BN
Lengua de catalogación spa
Centro/agencia transcriptor M-BN
080 ## - NÚMERO DE LA CLASIFICACIÓN DECIMAL UNIVERSAL
Número de la Clasificación Decimal Universal 37.034
100 1# - ENTRADA PRINCIPAL--NOMBRE DE PERSONA
Nombre de persona Durkheim, Émile,
Fechas asociadas al nombre 1858-1917
9 (RLIN) 46302
245 13 - MENCIÓN DEL TÍTULO
Título La educación moral /
Mención de responsabilidad, etc. Emile Durkheim ; edición y traducción de José Taberner Guasp y Antonio Bolívar Botía.
260 ## - PUBLICACIÓN, DISTRIBUCIÓN, ETC.
Lugar de publicación, distribución, etc. Madrid :
Nombre del editor, distribuidor, etc. Trotta,
Fecha de publicación, distribución, etc. [2002]
300 ## - DESCRIPCIÓN FÍSICA
Extensión 292 p ;
Dimensiones 23 cm.
490 1# - MENCIÓN DE SERIE
Mención de serie Clásicos de la cultura ;
Designación de volumen o secuencia 19
504 ## - NOTA DE BIBLIOGRAFÍA, ETC.
Nota de bibliografía, etc. Bibliografía: p. 52-60.
650 17 - PUNTO DE ACCESO ADICIONAL DE MATERIA--TÉRMINO DE MATERIA
Término de materia o nombre geográfico como elemento de entrada Educación moral
Fuente del encabezamiento o término embne
9 (RLIN) 12115
700 1# - ENTRADA AGREGADA--NOMBRE PERSONAL
Nombre de persona Taberner Guasp, José.
9 (RLIN) 109016
700 1# - ENTRADA AGREGADA--NOMBRE PERSONAL
Nombre de persona Bolívar Botía, Antonio.
9 (RLIN) 29965
830 0# - PUNTO DE ACCESO ADICIONAL DE SERIE-TÍTULO UNIFORME
Título uniforme Clásicos de la cultura ;
Designación de volumen o secuencia 19
9 (RLIN) 180247
852 ## - LOCALIZACIÓN
Ubicación ES-MaACL
Número de control de estantería L-26429
Sublocalización o colección R.132251
Holdings
Estatus retirado Estado de pérdida Estado de daño No para préstamo Biblioteca de origen Biblioteca actual Ubicación en estantería Fecha de adquisición Fuente de adquisición Total de préstamos Signatura topográfica completa Código de barras Visto por última vez Precio de reemplazo Tipo de ítem Koha
        Biblioteca del Ateneo de Madrid Biblioteca del Ateneo de Madrid Depósito 2 17/01/2008     L-26429 1050392 23/02/2023 23/02/2023 Libro impreso